| 000 | 00510nam a22001937a 4500 | ||
|---|---|---|---|
| 001 | 00028632 | ||
| 005 | 20260325084128.0 | ||
| 008 | 260325b ag ||||| |||| 00| 0 spa d | ||
| 020 | _a956131326 | ||
| 040 |
_bspa _cAR-CcCEOS |
||
| 080 | _a982 | ||
| 090 | _bDUB | ||
| 100 | 1 |
_aDuby, Georges _9960 |
|
| 245 |
_aAño 1000, año 2000 : _bLa huella de nuestros miedos / _cGeorges Duby |
||
| 260 |
_aParis : _bAndrés Bello, _cc1995. |
||
| 300 |
_a143 p. ; _c24x18 cm. |
||
| 650 | 0 | _ahistoria | |
| 942 |
_2udc _cBK |
||
| 999 |
_c28664 _d28664 |
||
| 945 |
_a66467 _bMelina Rolando _c66467 _dMelina Rolando |
||